Famous Americans of Welsh descent - Statistics

General Stats
  • This quiz has been taken 60 times
  • The average score is 8 of 15
Answer Stats
Hint Answer % Correct
First Lady of USA and 2016 presidential candidate Hilary Clinton
93%
First US president to be assassinated Abraham Lincoln
91%
2nd President and Declaration of Independence drafter John Adams
78%
"Pretty Woman" star Julia Roberts
72%
Founder of most famous Tennessee whiskey Jack Daniel
69%
Actor in "Mission Impossible" & "War of the Worlds" Tom Cruise
69%
Missouri outlaw, most famous member of the James-Younger Gang Jesse James
53%
Plays "Roseanne's" husband and voice of Sulley John Goodman
48%
Louise from "Thelma & Louise" Susan Sarandon
41%
Comedian and actor lived to be over 100 Bob Hope
36%
"Dr Livingstone I presume?" Henry Morton Stanley
29%
Tycoon and helped create the "Spruce Goose" Howard Hughes
29%
Architect of New York's Guggenheim Museum Frank Lloyd Wright
28%
US soldier famous for leaking information about the Iraq war Chelsea Manning
19%
Singer of "Paper Roses" Marie Osmond
17%
No matching quizzes found
Score Distribution
Percent of People with Each Score
Percentile by Number Answered
Your Score History
You have not taken this quiz